<?xml version="1.0" encoding="UTF-8"?>
<record
    xmlns:xsi="http://www.w3.org/2001/XMLSchema-instance"
    xsi:schemaLocation="http://www.loc.gov/MARC21/slim http://www.loc.gov/standards/marcxml/schema/MARC21slim.xsd"
    xmlns="http://www.loc.gov/MARC21/slim">

  <leader>01399nam a22001817a 4500</leader>
  <controlfield tag="005">20240715120817.0</controlfield>
  <controlfield tag="008">240715b           ||||| |||| 00| 0 eng d</controlfield>
  <datafield tag="020" ind1=" " ind2=" ">
    <subfield code="a">9788120708136</subfield>
  </datafield>
  <datafield tag="050" ind1=" " ind2=" ">
    <subfield code="a">LB1051.K96(5e)</subfield>
  </datafield>
  <datafield tag="100" ind1=" " ind2=" ">
    <subfield code="9">Kundu, C. L. </subfield>
  </datafield>
  <datafield tag="245" ind1=" " ind2=" ">
    <subfield code="a">Educational psychology/  </subfield>
    <subfield code="c">C.K Kundu et al.</subfield>
  </datafield>
  <datafield tag="250" ind1=" " ind2=" ">
    <subfield code="a">5e</subfield>
  </datafield>
  <datafield tag="300" ind1=" " ind2=" ">
    <subfield code="a">616 p.; </subfield>
    <subfield code="c">22cm.</subfield>
  </datafield>
  <datafield tag="500" ind1=" " ind2=" ">
    <subfield code="a">Includes index bibliography.</subfield>
  </datafield>
  <datafield tag="505" ind1=" " ind2=" ">
    <subfield code="a">Contents|: Education psychology-nature, scope and importance -- Child development -- Heredity and environment -- Physical development -- Social development --Emotional development -- Motivation of behaviour and needs -- Potentialities of human nature -- Interest: Nature of nurture -- Attention -- Memory -- Learning -- Transfer of learning -- Programmed learning and educational technology -- Intelligence: Its nature, growth and measurement -- Intelligence: Tests and measurement of intelligence -- Human ability -- Personality -- Personality Test and testing -- Needs, nature and education of exceptional children -- Leadership -- Adolescence -- Sex Education -- Mental hygiene: Its nature and scope -- Adjustment, conflict and  mental disorders -- Backwardness and remedial instruction -- Theories of freud, alder and jung and their education implications --Diagnostic and remedial techniques -- Therapies: Their nature and types


</subfield>
  </datafield>
  <datafield tag="700" ind1=" " ind2=" ">
    <subfield code="a">Tutoo, D.N.</subfield>
    <subfield code="9">2909</subfield>
  </datafield>
  <datafield tag="942" ind1=" " ind2=" ">
    <subfield code="2">lcc</subfield>
    <subfield code="c">REF</subfield>
  </datafield>
  <datafield tag="999" ind1=" " ind2=" ">
    <subfield code="c">10262</subfield>
    <subfield code="d">17762</subfield>
  </datafield>
  <datafield tag="952" ind1=" " ind2=" ">
    <subfield code="0">0</subfield>
    <subfield code="1">0</subfield>
    <subfield code="2">lcc</subfield>
    <subfield code="4">0</subfield>
    <subfield code="7">0</subfield>
    <subfield code="a">WIUC-1</subfield>
    <subfield code="b">WIUC-1</subfield>
    <subfield code="c">REF</subfield>
    <subfield code="d">2024-07-15</subfield>
    <subfield code="o">LB1051.K96(5e)</subfield>
    <subfield code="p">9697/398/24</subfield>
    <subfield code="r">2024-07-15 00:00:00</subfield>
    <subfield code="t">1</subfield>
    <subfield code="w">2024-07-15</subfield>
    <subfield code="y">REF</subfield>
  </datafield>
  <datafield tag="952" ind1=" " ind2=" ">
    <subfield code="0">0</subfield>
    <subfield code="1">0</subfield>
    <subfield code="2">lcc</subfield>
    <subfield code="4">0</subfield>
    <subfield code="7">0</subfield>
    <subfield code="a">WIUC-1</subfield>
    <subfield code="b">WIUC-1</subfield>
    <subfield code="c">REF</subfield>
    <subfield code="d">2024-07-15</subfield>
    <subfield code="o">LB1051.K961(5e)</subfield>
    <subfield code="p">9698/399/24</subfield>
    <subfield code="r">2024-07-15 00:00:00</subfield>
    <subfield code="t">2</subfield>
    <subfield code="w">2024-07-15</subfield>
    <subfield code="y">REF</subfield>
  </datafield>
  <datafield tag="952" ind1=" " ind2=" ">
    <subfield code="0">0</subfield>
    <subfield code="1">0</subfield>
    <subfield code="2">lcc</subfield>
    <subfield code="4">0</subfield>
    <subfield code="7">0</subfield>
    <subfield code="a">WIUC-1</subfield>
    <subfield code="b">WIUC-1</subfield>
    <subfield code="c">REF</subfield>
    <subfield code="d">2024-07-15</subfield>
    <subfield code="o">LB1051.K962(5e)</subfield>
    <subfield code="p">9679/400/24</subfield>
    <subfield code="r">2024-07-15 00:00:00</subfield>
    <subfield code="t">3</subfield>
    <subfield code="w">2024-07-15</subfield>
    <subfield code="y">REF</subfield>
  </datafield>
  <datafield tag="952" ind1=" " ind2=" ">
    <subfield code="0">0</subfield>
    <subfield code="1">0</subfield>
    <subfield code="2">lcc</subfield>
    <subfield code="4">0</subfield>
    <subfield code="7">0</subfield>
    <subfield code="a">WIUC-1</subfield>
    <subfield code="b">WIUC-1</subfield>
    <subfield code="c">REF</subfield>
    <subfield code="d">2024-07-15</subfield>
    <subfield code="o">LB1051.K963(5e)</subfield>
    <subfield code="p">9700/401/24</subfield>
    <subfield code="r">2024-07-15 00:00:00</subfield>
    <subfield code="t">4</subfield>
    <subfield code="w">2024-07-15</subfield>
    <subfield code="y">REF</subfield>
  </datafield>
  <datafield tag="952" ind1=" " ind2=" ">
    <subfield code="0">0</subfield>
    <subfield code="1">0</subfield>
    <subfield code="2">lcc</subfield>
    <subfield code="4">0</subfield>
    <subfield code="7">0</subfield>
    <subfield code="a">WIUC-1</subfield>
    <subfield code="b">WIUC-1</subfield>
    <subfield code="c">REF</subfield>
    <subfield code="d">2024-07-15</subfield>
    <subfield code="o">LB1051.K964(5e)</subfield>
    <subfield code="p">9701/402/24</subfield>
    <subfield code="r">2024-07-15 00:00:00</subfield>
    <subfield code="t">5</subfield>
    <subfield code="w">2024-07-15</subfield>
    <subfield code="y">REF</subfield>
  </datafield>
</record>
